Представление документа в формате RUSMARC

ПолеНазваниеЗначение
  Тип записи a
  Библиографический уровень a
001 Контрольный номер RU/CBS_UL/BASE/560625079
005 Дата корректировки 20240209175217.0
100 Данные общей обработки __
a Данные общей обработки 20171006d2017 ||| 0rusy0189 ca
101 Язык документа 0_
a Язык текста rus
102 Страна публикации __
a Страна публикации RU
105 Кодированные данные (монография) __
a Кодированные данные (монография) y###||||000|y
200 Заглавие и сведения об ответственности 1_
a Заглавие "ЭкзоМарс": от миссии-2016 к миссии-2020
b Общее обозначение материала Текст
e Сведения, относящиеся к заглавию [создание международной марсианской лаборатории "ЭкзоМарс"]
f Первые сведения об ответственности Н. Эйсмонт, О. Батанов
300 Общие примечания __
a Общие примечания Ограничения по возрасту - 12+
320 Библиография __
a Библиография Библиогр.: с. 14
461 Уровень набора _0
1 2000
a Наука и жизнь
463 Уровень физической единицы _0
1 001RU/CBS_Ul/BASE/544886141
1 2000
a № 4
v С. 2-14 : ил., фото
1 210
d 2017
606 Тематические рубрики 0_
a Основная рубрика Марс, планета - Исследование
610 Ключевые слова 0_
a Ключевые слова космические проекты
a Ключевые слова международные космические проекты
a Ключевые слова космические программы
a Ключевые слова Марс (планеты)
a Ключевые слова поиски жизни на Марсе
a Ключевые слова ЭкзоМарс (космические проекты)
a Ключевые слова полёты на Марс
686 Индексы других классификаций __
a Классификационный индекс 22.654.1
2 Код системы ББК
700 Автор _1
a Фамилия Эйсмонт
b Имя (инициалы) Н.
701 Альтернативная интеллектуальная ответственность _1
a Фамилия Батанов
b Имя (инициалы) О.
801 Источник записи _0
a Страна RU
b Организация МБУК ЦБС г. Ульяновска
c Дата составления 20171006
g Правила каталогизации RCR
801 Источник записи _1
a Страна RU
b Организация МБУК ЦБС г. Ульяновска
c Дата составления 20171006
g Правила каталогизации RCR
901 Тип документа __
t Тип документа b
w Контрольный № источника RU/CBS_Ul/BASE/544886141
910 Корректоры записи __
a Корректор записи Библиотека 2
938 Служебная информация __
a Имя БД period